When did these countries adopt their flags #1 - Statistics

General Stats
  • This quiz has been taken 4 times
  • The average score is 2 of 14
Answer Stats
Hint Answer % Correct
Algeria 1962
100%
China 1949
50%
France 1794
0%
Norway 1821
0%
Monaco 1881
0%
Mali 1961
0%
Malawi 1964
0%
Canada 1965
0%
Eswatini 1968
0%
Tuvalu 1978
0%
Kiribati 1979
0%
Mozambique 1983
0%
St Kitts and Nevis 1983
0%
Georgia 2004
0%
No matching quizzes found
Score Distribution
Percent of People with Each Score
Percentile by Number Answered
Your Score History
You have not taken this quiz